| 000 | 00629nam a2200205 a 4500 | ||
|---|---|---|---|
| 005 | 20241203063743.0 | ||
| 008 | 140619s2006 cl r 000 0 spa d | ||
| 020 | _a9789583018268 | ||
| 035 | _aUPN01000198113 | ||
| 049 | _aI | ||
| 050 | 4 |
_aQE861.5 _bD5.3 |
|
| 100 | 1 |
_aDixon, Douglas, _d1947- _935831 |
|
| 245 | 1 | 0 |
_aDinosaurios : _ben el mar / _cDouglas Dixon ; tr. Sybell Holguín Osorio. |
| 260 |
_aBogotá : _bPanamericana, _cc2006. |
||
| 300 |
_a31 p. : _bil. col. |
||
| 534 |
_pTítulo original: _tDinosaurs in the sea |
||
| 650 | 4 |
_aDinosaurios _vLiteratura infantil _99370 |
|
| 905 | _aInfantil | ||
| 999 |
_c170214 _d170214 |
||